Meilleurs buteurs sur une année civile - Statistiques

Statistiques générales
  • Ce quiz a été pris 182 fois
  • Le résultat moyen est 35 sur 40
Statistiques - réponses
Nationalité Buts Année Club Joueur % Correct
Portugal 69 2013 Real Madrid CF Cristiano Ronaldo
100%
Portugal 63 2012 Real Madrid CF Cristiano Ronaldo
100%
Portugal 61 2014 Real Madrid CF Cristiano Ronaldo
100%
Portugal 60 2011 Real Madrid CF Cristiano Ronaldo
100%
Portugal 57 2015 Real Madrid CF Cristiano Ronaldo
100%
Portugal 55 2016 Real Madrid CF Cristiano Ronaldo
100%
Portugal 54 2023 Real Madrid CF Cristiano Ronaldo
100%
Portugal 53 2017 Al-Nassr Riyad Cristiano Ronaldo
100%
Argentine 91 2012 FC Barcelone Lionel Messi
100%
Argentine 60 2010 FC Barcelone Lionel Messi
100%
Argentine 59 2016 FC Barcelone Lionel Messi
100%
Argentine 59 2011 FC Barcelone Lionel Messi
100%
Argentine 58 2014 FC Barcelone Lionel Messi
100%
Argentine 54 2017 FC Barcelone Lionel Messi
100%
Argentine 52 2015 FC Barcelone Lionel Messi
100%
Argentine 51 2018 FC Barcelone Lionel Messi
100%
Argentine 50 2019 FC Barcelone Lionel Messi
100%
Pologne 69 2021 Bayern Munich Robert Lewandowski
98%
Pologne 54 2019 Bayern Munich Robert Lewandowski
98%
Pologne 53 2017 Bayern Munich Robert Lewandowski
98%
France 56 2022 Paris SG Kylian Mbappé
95%
Brésil 75 1958 Santos FC Pelé
94%
Brésil 73 1965 Santos FC Pelé
94%
Brésil 64 1959 Santos FC Pelé
94%
Brésil 62 1961 Santos FC Pelé
94%
Brésil 58 1963 Santos FC Pelé
94%
Brésil 56 1962 Santos FC Pelé
94%
Suède 57 2012 AC Milan / Paris SG Zlatan Ibrahimović
94%
Suède 50 2013 Paris Saint-Germain Zlatan Ibrahimović
94%
Angleterre 56 2017 Tottenham Hotspur FC Harry Kane
92%
Brésil 52 2012 Santos FC Neymar
92%
Allemagne 85 1972 Bayern Munich Gerd Müller
91%
Uruguay 53 2017 Paris SG Edinson Cavani
90%
Uruguay 51 2016 FC Barcelone Luis Suárez
88%
Argentine 50 1980 Argentinos Juniors Diego Maradona
62%
Allemagne 52 2011 Bayern Munich Mario Gómez
40%
Brésil 73 2000 CR Vasco de Gama Romário
34%
Brésil 70 1979 Flamengo Zico
24%
Brésil 52 1982 Flamengo Zico
24%
Algérie 59 2018 Al Sadd SC Baghdad Bounedjah
10%
Aucun quiz correspondant
Distribution des résultats
% des personnes avec chaque résultat
Percentile par nombre de réponses
Votre historique - résultats
Vous n’avez pas pris ce quiz